Tamara de Lempicka, 1898-1980 /

Guardat en:
Dades bibliogràfiques
Autor principal: Bade, Patrick (Autor)
Format: Llibre
Idioma:italià
Publicat: Terzo (AL) : Gribaudo, 2007
Etiquetes: Afegir etiqueta
Sense etiquetes, Sigues el primer a etiquetar aquest registre!

MARC

LEADER 00000nam a22000007i 4500
001 IT\ICCU\LZ1\0231617
003 ItRI
005 20260216160202.0
008 071211s2007 it |||||| ||||| |||||c
020 |a 9788879064644 
040 |b ita  |c Arcigay Verona 
041 7 |a ita  |2 ISO-639-2 
100 1 |a Bade, Patrick  |0 IT\ICCU\RAVV\073517  |4 aut 
245 1 0 |a Tamara de Lempicka, 1898-1980 /  |c Patrick Bade. 
260 |a Terzo (AL) :  |b Gribaudo,  |c 2007 
300 |a 159 p. :  |b ill. ;  |c 33 cm. 
942 |2 ddc  |c BK  |n 0 
952 |0 0  |1 0  |4 0  |6 759_380000000000000_BAD_TAM  |7 0  |9 32990  |a VR  |b VR  |d 2026-02-16  |i 70  |l 0  |o 759.38 BAD TAM  |p OBE-70  |r 2026-02-16 15:28:37  |w 2026-02-16  |y BK 
999 |c 28660  |d 28660